UBT Library

LADY SUSAN AND OTHER WORKS (Record no. 60667)

000 -LEADER
fixed length control field 00344nam a22001457a 4500
008 - FIXED-LENGTH DATA ELEMENTS--GENERAL INFORMATION
fixed length control field 250417b ||||| |||| 00| 0 eng d
020 ## - INTERNATIONAL STANDARD BOOK NUMBER
International Standard Book Number 9781840228731
041 ## - LANGUAGE CODE
Language code of text/sound track or separate title eng
080 ## - UNIVERSAL DECIMAL CLASSIFICATION NUMBER
Edition identifier 2013
Universal Decimal Classification number 82AUS
082 ## - DEWEY DECIMAL CLASSIFICATION NUMBER
Edition number 82AUS
Classification number 82AUS
100 ## - Rafti
Rafti 01
101 ## - Shkurtesa
Shkurtesa GJUHE SHQIPE
245 ## - TITLE STATEMENT
Title LADY SUSAN AND OTHER WORKS
Statement of responsibility, etc JANE AUSTEN
942 ## - ADDED ENTRY ELEMENTS (KOHA)
Source of classification or shelving scheme
Item type Books
Holdings
Withdrawn status Lost status Source of classification or shelving scheme Damaged status Not for loan Collection code Permanent location Current location Date acquired Total Checkouts Full call number Barcode Date last seen Price effective from Koha item type
          Koleksioni i përgjithshem UBT - Lipjan UBT - Lipjan 04/17/2025   82AUS 002-800070995 04/17/2025 04/17/2025 Books
UBT Library © 2015-2024. All rights reserved University Education for Business and Technology